| 000 | 00679nam a2200217Ia 4500 | ||
|---|---|---|---|
| 003 | OSt | ||
| 005 | 20220927105128.0 | ||
| 006 | a|||||r|||| 00| 0 | ||
| 007 | ta | ||
| 008 | 220926b |||||||| |||| 00| 0 eng d | ||
| 024 | _a167434 | ||
| 037 | _cReference Collections | ||
| 040 |
_aRTL _cRTL _beng |
||
| 041 |
_2eng _aeng |
||
| 082 | _a"Y:5.271sN81, M1.16-8-A&B (ii)" | ||
| 100 |
_a"Census of India, 1981" _9370387 |
||
| 245 | 0 | _a"Household tables. Orissa. V. 16, Pt-VIII-A & B (ii)" | |
| 260 |
_aOrissa _bGovt Press _c1981 |
||
| 942 |
_h"Y:5.271sN81, M1.16-8-A&B (ii)" _cCC |
||
| 999 |
_c690818 _d690818 |
||